[Event "Senta-ch"]
[Site "Senta"]
[Date "2015.01.31"]
[Round "2"]
[White "Simonyi, Zoltan"]
[Black "Davidovic, Zoran"]
[Result "1-0"]
[WhiteElo "2243"]
[BlackElo "1891"]
[PlyCount "50"]
[EventDate "2015.01.30"]
[EventType "swiss"]
[EventRounds "9"]
[EventCountry "SRB"]
[SourceTitle "EXT 2016"]
[Source "ChessBase"]
[SourceDate "2015.10.08"]
[SourceVersion "1"]
[SourceVersionDate "2015.10.08"]
[SourceQuality "1"]

1. c4 Nf6 2. Nc3 d5 3. d4 c6 4. Nf3 Ne4 5. g3 Nxc3 6. bxc3 dxc4 7. Bg2 f6 8. 0-0 Be6 9. e4 Bg4 10. Qe2 Bxf3 11. Bxf3 b5 12. a4 e5 13. d5 a6 14. Be3 Be7 15. Rfd1 Qc8 16. Bg4 Qc7 17. Be6 Bd6 18. dxc6 Ke7 19. Qg4 Nxc6 20. Bd5 Rae8 21. axb5 Nb8 22. Qxg7+ Kd8 23. Qxf6+ Qe7 24. Bb6+ Kc8 25. Qf5+ Nd7 1-0

[Event "Senta-ch"]
[Site "Senta"]
[Date "2015.01.30"]
[Round "1"]
[White "Davidovic, Zoran"]
[Black "Kruska, Matej"]
[Result "1-0"]
[WhiteElo "1891"]
[BlackElo "1390"]
[PlyCount "47"]
[EventDate "2015.01.30"]
[EventType "swiss"]
[EventRounds "9"]
[EventCountry "SRB"]
[SourceTitle "EXT 2016"]
[Source "ChessBase"]
[SourceDate "2015.10.08"]
[SourceVersion "1"]
[SourceVersionDate "2015.10.08"]
[SourceQuality "1"]

1. d4 e6 2. Nf3 d5 3. c4 Nf6 4. Nc3 c5 5. Bg5 Nbd7 6. cxd5 cxd4 7. Qxd4 Bc5 8. Bxf6 Bxd4 9. Bxd8 Bxf2+ 10. Kxf2 Kxd8 11. d6 b6 12. e4 f6 13. Bc4 Re8 14. Nd4 Ne5 15. Bb5 Bd7 16. Rhd1 a6 17. Bxd7 Kxd7 18. Na4 Rab8 19. Rac1 Red8 20. Rc7+ Ke8 21. Nxe6 Ng6 22. Nxd8 Rxd8 23. Nxb6 Kf8 24. d7 1-0

[Event "Battle of Senta op-B 15th"]
[Site "Senta"]
[Date "2011.07.17"]
[Round "3"]
[White "Davidovic, Zoran"]
[Black "Vilagos, Emil"]
[Result "1-0"]
[WhiteElo "1897"]
[BlackElo "1588"]
[PlyCount "37"]
[EventDate "2011.07.16"]
[EventType "swiss"]
[EventRounds "9"]
[EventCountry "SRB"]
[SourceTitle "EXT 2019"]
[Source "ChessBase"]
[SourceDate "2018.10.10"]
[SourceVersion "1"]
[SourceVersionDate "2018.10.10"]
[SourceQuality "1"]

1. d4 d5 2. Bg5 Nf6 3. Nf3 Bf5 4. Nh4 Bg6 5. Nxg6 hxg6 6. Nd2 Nbd7 7. c3 c6 8. Qc2 Qc7 9. Nf3 e6 10. g3 Bd6 11. e3 Ne4 12. Bf4 Bxf4 13. exf4 Ndf6 14. Ne5 0-0-0 15. 0-0-0 Qe7 16. Bg2 Kb8 17. f3 Nd6 18. Qb3 Nd7 19. Nxc6+ 1-0

[Event "Senta January op"]
[Site "Senta"]
[Date "2011.01.22"]
[Round "2"]
[White "Davidovic, Zoran"]
[Black "Pajzer, Istvan"]
[Result "0-1"]
[WhiteElo "1909"]
[BlackElo "2114"]
[PlyCount "128"]
[EventDate "2011.01.21"]
[EventType "swiss"]
[EventRounds "9"]
[EventCountry "SRB"]
[SourceTitle "CBM 140 Extra"]
[Source "ChessBase"]
[SourceDate "2011.03.01"]
[SourceVersion "1"]
[SourceVersionDate "2011.03.01"]
[SourceQuality "1"]

1. d4 Nf6 2. Bg5 Ne4 3. Bh4 g5 4. Bg3 Bg7 5. e3 c5 6. c3 cxd4 7. exd4 d5 8. f3 Nxg3 9. hxg3 Qd6 10. Bb5+ Bd7 11. Bxd7+ Nxd7 12. Ne2 0-0 13. Nd2 e5 14. Qc2 f5 15. 0-0-0 exd4 16. Kb1 dxc3 17. Nxc3 Rac8 18. Rh5 Qe6 19. Nb3 h6 20. Rhh1 Nb6 21. Qd3 Rxc3 22. bxc3 Na4 23. Rc1 Rc8 24. Rc2 Nxc3+ 25. Rxc3 Rxc3 26. Qd2 Re3 27. Qb4 Qe5 28. Nc1 Qa1+ 29. Kc2 Rc3+ 30. Kd2 Rc4 31. Qa3 Bb2 32. Ne2 Bxa3 33. Rxa1 b5 34. Rb1 Rb4 35. Rxb4 Bxb4+ 36. Kd3 Bd6 37. Nd4 Bxg3 38. Nxf5 Bf2 39. Ne7+ Kf7 40. Nxd5 Kg6 41. Ke4 h5 42. Nc7 b4 43. Na6 Be1 44. Ke5 Bc3+ 45. Ke4 h4 46. Nc5 a5 47. Na4 Kf6 48. Nc5 Be1 49. Nd3 Bg3 50. Nc5 Bf2 51. Nd3 Bb6 52. Ne5 Ke6 53. Nc4 Bc7 54. Nd2 a4 55. Kd3 Kd5 56. Ne4 Bd8 57. Nd2 Ke5 58. Ne4 Kf4 59. Ke2 g4 60. Nd2 h3 61. gxh3 gxh3 62. Ne4 h2 63. Nf2 Bb6 64. Nh1 b3 0-1

[Event "Senta op-B 14th"]
[Site "Senta"]
[Date "2010.07.22"]
[Round "7"]
[White "Bulatovic, Ilija"]
[Black "Davidovic, Zoran"]
[Result "1-0"]
[WhiteElo "2032"]
[BlackElo "1922"]
[PlyCount "101"]
[EventDate "2010.07.17"]
[EventType "swiss"]
[EventRounds "9"]
[EventCountry "YUG"]
[SourceTitle "EXT 2011"]
[Source "ChessBase"]
[SourceDate "2010.11.26"]
[SourceVersion "1"]
[SourceVersionDate "2010.11.26"]
[SourceQuality "1"]

1. e4 e6 2. d4 d5 3. exd5 Qxd5 4. Nf3 Nc6 5. Be2 Bb4+ 6. c3 Be7 7. 0-0 Nf6 8. c4 Qd8 9. Nc3 a6 10. a3 0-0 11. h3 b6 12. Be3 Bb7 13. Qc2 Na5 14. b4 Nc6 15. Rfd1 Na7 16. Ne5 c6 17. Bf3 Qc7 18. Bf4 Qc8 19. Na4 Bd8 20. Rac1 Nd7 21. Bg3 Nxe5 22. Bxe5 Bc7 23. Be4 f5 24. Bf3 Bxe5 25. dxe5 Qc7 26. Rd2 Rae8 27. Rcd1 Re7 28. Qc3 Nc8 29. Qe3 h6 30. c5 b5 31. Nb6 Nxb6 32. cxb6 Qb8 33. Qc5 Ree8 34. Rd6 Rd8 35. Rxe6 Rxd1+ 36. Bxd1 f4 37. Bf3 Qc8 38. Re7 Rf7 39. e6 Rf6 40. Qd6 Qf8 41. Qc7 Bc8 42. b7 Bxb7 43. Qxb7 Rg6 44. Qd7 Qf5 45. Rf7 Qe5 46. Rf8+ Kh7 47. e7 Qe1+ 48. Kh2 Qxf2 49. Rh8+ Kxh8 50. e8Q+ Kh7 51. Qd3 1-0

[Event "Senta op-B 13th"]
[Site "Senta"]
[Date "2009.07.21"]
[Round "5"]
[White "Kovacs, Istvan1111"]
[Black "Davidovic, Zoran"]
[Result "1-0"]
[WhiteElo "1803"]
[BlackElo "1976"]
[PlyCount "75"]
[EventDate "2009.07.18"]
[EventType "swiss"]
[EventRounds "9"]
[EventCountry "YUG"]
[SourceTitle "EXT 2012"]
[Source "ChessBase"]
[SourceDate "2011.11.24"]
[SourceVersion "1"]
[SourceVersionDate "2011.11.24"]
[SourceQuality "1"]

1. c4 Nf6 2. Nf3 b6 3. Nc3 e6 4. e4 d6 5. d4 Be7 6. Bd3 h6 7. 0-0 0-0 8. a3 Bb7 9. b4 c5 10. d5 e5 11. Be3 Ng4 12. Bd2 Nd7 13. Ne1 Ngf6 14. b5 Nh7 15. f4 exf4 16. Bxf4 Bf6 17. Rc1 Bd4+ 18. Kh1 Ne5 19. Ne2 Bb2 20. Rc2 Bxa3 21. Bxe5 dxe5 22. Qa1 Bb4 23. Qxe5 a5 24. Nf3 Bc8 25. Qg3 Ra7 26. Nf4 a4 27. e5 a3 28. Ra2 Bc3 29. Nh5 g5 30. Bxh7+ Kxh7 31. Nf6+ Kg6 32. Nh4+ Kg7 33. Qd3 Rh8 34. Qxc3 gxh4 35. e6 fxe6 36. Nd7+ Kg6 37. Rf6+ Qxf6 38. Qxf6+ 1-0

[Event "Senta op-B 12th"]
[Site "Senta"]
[Date "2008.07.20"]
[Round "5"]
[White "Lorincz, Laszlo"]
[Black "Davidovic, Zoran"]
[Result "1-0"]
[WhiteElo "1818"]
[BlackElo "2055"]
[PlyCount "179"]
[EventDate "2008.07.18"]
[EventType "swiss"]
[EventRounds "9"]
[EventCountry "YUG"]
[SourceTitle "CBM 125 Extra"]
[Source "ChessBase"]
[SourceDate "2008.09.01"]
[SourceVersion "1"]
[SourceVersionDate "2008.09.01"]
[SourceQuality "1"]

1. d4 e6 2. c4 b6 3. Nf3 Bb7 4. e3 Nf6 5. a3 c5 6. dxc5 Bxc5 7. Nc3 0-0 8. Be2 Nc6 9. 0-0 Ne7 10. b4 Rc8 11. Bb2 Bxe3 12. fxe3 d5 13. cxd5 Nexd5 14. Nxd5 Nxd5 15. Qd4 f6 16. Bc4 Qe7 17. Bxd5 Bxd5 18. Rac1 Rcd8 19. e4 e5 20. Qe3 Bb7 21. Rfd1 Rb8 22. Rd2 Qf7 23. Rdc2 Qg6 24. Re1 Rbc8 25. Rxc8 Rxc8 26. Nd2 h6 27. Rc1 Rd8 28. Rc7 Rb8 29. Qg3 Qxg3 30. hxg3 a5 31. Kf2 Ba6 32. bxa5 bxa5 33. Bc3 a4 34. Bb4 Bd3 35. Ke3 Bb5 36. Nc4 Rd8 37. Nd6 Be8 38. Nxe8 Rxe8 39. Ra7 Kh7 40. Rxa4 h5 41. Ra5 Rb8 42. Rd5 Kh6 43. Kf3 Kg5 44. Bd2+ Kg6 45. a4 Rb3+ 46. Be3 Kf7 47. a5 Ke6 48. Rd8 Ra3 49. Ra8 g5 50. a6 Kd7 51. a7 g4+ 52. Ke2 Ra2+ 53. Bd2 Kc7 54. Rf8 Rxa7 55. Rxf6 Ra4 56. Rf5 Rxe4+ 57. Be3 Kd6 58. Rxh5 Ra4 59. Rg5 Ke6 60. Rg8 Kf5 61. Rf8+ Ke4 62. Rd8 Ra2+ 63. Rd2 Ra3 64. Bf2 Rb3 65. Rc2 Ra3 66. Kd2 Rd3+ 67. Ke2 Ra3 68. Rc4+ Kf5 69. Be3 Ra2+ 70. Bd2 Ra3 71. Rc3 Ra4 72. Re3 Ra2 73. Kd3 Ra8 74. Bc3 Rd8+ 75. Ke2 Rd5 76. Bxe5 Rxe5 77. Rxe5+ Kxe5 78. Ke3 Kf5 79. Kd4 Kf6 80. Ke4 Kg5 81. Ke5 Kg6 82. Kf4 Kf6 83. Kxg4 Kg6 84. Kf4 Kf6 85. g4 Kg6 86. g5 Kg7 87. Kf5 Kf7 88. g6+ Kg7 89. Kg5 Kg8 90. Kh6 1-0